„Neked ugatunk!” Állateledel gyártók marketingkommunikációjának vizsgálata a Maslow szükségletpiramis figyelembevételével
| Main Author: | |
|---|---|
| Other Authors: | |
| Format: | Thesis |
| Kulcsszavak: | Állateledelpiac Marketingkommunikáció Állateledel |
| Online Access: | http://dolgozattar.uni-bge.hu/5174 |
MARC
| LEADER | 00000nta a2200000 i 4500 | ||
|---|---|---|---|
| 001 | dolg5174 | ||
| 005 | 20221011150533.0 | ||
| 008 | 160429suuuu hu om 000 hun d | ||
| 040 | |a BGE Dolgozattár Repozitórium |b hun | ||
| 041 | |a hu | ||
| 100 | 1 | |a Jászfai Kitti | |
| 245 | 1 | 0 | |a „Neked ugatunk!” |b Állateledel gyártók marketingkommunikációjának vizsgálata a Maslow szükségletpiramis figyelembevételével |c Jászfai Kitti |h [elektronikus dokumentum] |
| 695 | |a Állateledelpiac | ||
| 695 | |a Marketingkommunikáció | ||
| 695 | |a Állateledel | ||
| 700 | 1 | |a Harsányi Dr. Dávid |e ths | |
| 856 | 4 | 0 | |u http://dolgozattar.uni-bge.hu/5174/1/J%C3%A1szfai_Kitti_Szakdolgozat.pdf |z Dokumentum-elérés |